00555nam a2200205Ia 450000500170000000800410001702000260005804000190008404100120010308200150011510000220013024500440015225000120019626000320020830000150024050400510025565000190030665100140032585000100033920230406092159.0131103s9999 xx 000 0 und d a333778210cRs.1035.00 aLoreto College aEnglish a338.5bKOU aKoutsoyiannis, A. aModern Microeconomics cA Koutsoyiannis a2nd ed. aHoundmillsbMacmillanc1979 axvii,581p  aIncludes bilbliographical references and index aMicroeconomics aEconomics aLCLIB